The story of Madhya Pradesh in charts & graphs. (Record no. 70534)

MARC details
000 -LEADER
fixed length control field 00622cam a22002171 4500
001 - CONTROL NUMBER
control field sa 66006465
003 - CONTROL NUMBER IDENTIFIER
control field DLC
005 - DATE AND TIME OF LATEST TRANSACTION
control field 20260227112256.0
008 - FIXED-LENGTH DATA ELEMENTS--GENERAL INFORMATION
fixed length control field 840608s1959 xx a s s000 0 eng
010 ## - LIBRARY OF CONGRESS CONTROL NUMBER
LC control number sa 66006465
035 ## - SYSTEM CONTROL NUMBER
System control number (OCoLC)21661289
040 ## - CATALOGING SOURCE
Original cataloging agency DLC
Transcribing agency CU
Modifying agency DLC
042 ## - AUTHENTICATION CODE
Authentication code premarc
043 ## - GEOGRAPHIC AREA CODE
Geographic area code a-ii---
050 00 - LIBRARY OF CONGRESS CALL NUMBER
Classification number HA1728.M14
Item number A4
110 1# - MAIN ENTRY--CORPORATE NAME
Corporate name or jurisdiction name as entry element Madhya Pradesh (India).
Subordinate unit Directorate of Economics and Statistics.
245 14 - TITLE STATEMENT
Title The story of Madhya Pradesh in charts & graphs.
260 ## - PUBLICATION, DISTRIBUTION, ETC.
Place of publication, distribution, etc. [Bhopal,
Date of publication, distribution, etc. 1959]
300 ## - PHYSICAL DESCRIPTION
Extent 165 p.
Other physical details illus.
Dimensions 25 x 34 cm.
651 #0 - SUBJECT ADDED ENTRY--GEOGRAPHIC NAME
Geographic name Madhya Pradesh (India)
Form subdivision Statistics.

No items available.

Powered by Koha